عرض عادي عرض مارك
  • Snyder, Teresa E. Kelly.

مدخل إسم شخص

عدد التسجيلات المستخدمة في: 1

001 - رقم الضبط

  • حقل الضبط: 36101

003 - معرف رقم الضبط

  • حقل الضبط: OSt

005 - تاريخ ووقت أخر عملية

  • حقل الضبط: 20130620151709.0

008 - عناصر بيانات ثابتة الطول

  • حقل تحكم ثابت الطول: 130620|||a|||||| | ||| d

040 ## - مصدر الفهرسة

  • هيئة الفهرسة الأصلية: OSt
  • وكالة الكتابة: OSt

100 ## - مدخل -- أسم شخص

  • إسم شخص: Snyder, Teresa E. Kelly.

670 ## - بيانات المصدر موجوده

  • الاستشهاد بالمصدر: Work cat.: (OSt)0: Goodman, Catherine Cavallaro. 36100, Differential diagnosis for physical therapists :, c2013.